Statistics for Phase 3 Marvel Heroes by Picture

Click here to take the quiz!

General Stats

  • This quiz has been taken 18 times
  • The average score is 11 of 12

Answer Stats

Answer% Correct
Black Panther
100%
Captain Marvel
100%
Doctor Strange
100%
Korg
100%
Spider-Man
100%
Wasp
100%
Mantis
94%
Wong
94%
Valkyrie
88%
Ancient One
82%
Okoye
82%
Nakia
65%

Score Distribution

Percentile by Number Answered

Percent of People with Each Score

Your Score History

You have not taken this quiz